|
|
|
|
| LEADER |
00000cas a2200000 c 4500 |
| 001 |
129556211 |
| 003 |
DE-627 |
| 005 |
20250511070159.0 |
| 007 |
tu |
| 008 |
931114c19739999xxuz| p| 0 |0eng c |
| 016 |
7 |
|
|a 011301015
|2 DE-101
|
| 016 |
7 |
|
|a 220669-9
|2 DE-600
|
| 022 |
|
|
|a 0091-2174
|
| 024 |
7 |
|
|a 00512028
|2 swets
|
| 030 |
|
|
|a IJMED
|
| 030 |
|
|
|a PYMDB
|
| 035 |
|
|
|a (DE-627)129556211
|
| 035 |
|
|
|a (DE-576)015013391
|
| 035 |
|
|
|a (DE-599)ZDB220669-9
|
| 035 |
|
|
|a (OCoLC)609932630
|
| 040 |
|
|
|a DE-627
|b ger
|c DE-627
|e rakwb
|
| 041 |
|
|
|a eng
|
| 044 |
|
|
|c XD-US
|
| 082 |
0 |
4 |
|a 610
|a 150
|q DE-600
|
| 084 |
|
|
|a 5,2
|2 ssgn
|
| 084 |
|
|
|a 44.91
|2 bkl
|
| 210 |
1 |
0 |
|a Int. J. Psychiatry Med.
|
| 210 |
1 |
0 |
|a INT. J. PSYCHIATR. MED.
|
| 210 |
1 |
0 |
|a Int J Psy M
|
| 245 |
0 |
4 |
|a The international journal of psychiatry in medicine
|b biopsychosocial aspects of patient care
|
| 246 |
1 |
|
|i Nebent.:
|a Psychiatry in medicine
|
| 246 |
1 |
|
|i Titelzusatz bis 51.2016
|a Psychological aspects of patient care
|
| 264 |
3 |
1 |
|a Thousand Oaks, Calif. [u.a.]
|b Sage
|c 1973-
|
| 264 |
2 |
1 |
|a Farmingdale, NY
|b Baywood
|c anfangs
|
| 336 |
|
|
|a Text
|b txt
|2 rdacontent
|
| 337 |
|
|
|a ohne Hilfsmittel zu benutzen
|b n
|2 rdamedia
|
| 338 |
|
|
|a Band
|b nc
|2 rdacarrier
|
| 362 |
0 |
|
|a 4.1973 -
|
| 363 |
0 |
1 |
|a 4
|i 1973
|
| 500 |
|
|
|a Zusatz wechselt
|
| 655 |
|
7 |
|a Zeitschrift
|0 (DE-588)4067488-5
|0 (DE-627)10454466X
|0 (DE-576)20917000X
|2 gnd-content
|
| 776 |
1 |
|
|x 1541-3527
|
| 936 |
b |
k |
|a 44.91
|j Psychiatrie
|j Psychopathologie
|0 (DE-627)106409972
|
| 951 |
|
|
|a JT
|
| ELC |
|
|
|b 1
|
| LOK |
|
|
|0 000 xxxxxcx a22 zn 4500
|
| LOK |
|
|
|0 001 2770448021
|
| LOK |
|
|
|0 003 DE-627
|
| LOK |
|
|
|0 004 129556211
|
| LOK |
|
|
|0 005 20150220140202
|
| LOK |
|
|
|0 008 131028||||||||||||||||ger|||||||
|
| LOK |
|
|
|0 040
|a DE-21-110
|c DE-627
|d DE-21-110
|
| LOK |
|
|
|0 852
|z Kein Bestand am IfK; Nachweis für KrimDok
|
| LOK |
|
|
|0 852
|a DE-21-110
|
| LOK |
|
|
|0 852 1
|m v
|9 00
|
| LOK |
|
|
|0 935
|a k110
|
| LOK |
|
|
|0 938
|k v
|
| LOK |
|
|
|0 939
|a 28-10-13
|b l01
|
| ORI |
|
|
|a WA-MARC-krimdokb001.raw
|
| SPR |
|
|
|a 1
|t KRI
|